LIBRARY & INFORMATION CENTRE, KCAET, TAVANUR

ONLINE PUBLIC ACCESS CATALOGUE (OPAC)

Basic radio, vol -1 / (Record no. 3146)

MARC details
000 -LEADER
fixed length control field 00361cam a2200145ua 4500
003 - CONTROL NUMBER IDENTIFIER
control field OSt
008 - FIXED-LENGTH DATA ELEMENTS--GENERAL INFORMATION
fixed length control field 250108b |||||||| |||| 00| 0 eng d
041 ## - LANGUAGE CODE
Language code of text/sound track or separate title eng
082 ## - DEWEY DECIMAL CLASSIFICATION NUMBER
Classification number 621.384
Item number MAR/BA
100 ## - MAIN ENTRY--AUTHOR NAME
Personal name Marvin, Tepper .
245 ## - TITLE STATEMENT
Title Basic radio, vol -1 /
260 ## - PUBLICATION, DISTRIBUTION, ETC. (IMPRINT)
Place of publication :
Name of publisher Taraporevala sons and co. pvt ltd ,
Year of publication 1968.
300 ## - PHYSICAL DESCRIPTION
Number of Pages 138 ; .
942 ## - ADDED ENTRY ELEMENTS (KOHA)
Koha item type Books
Holdings
Withdrawn status Lost status Damaged status Home library Current library Date acquired Full call number Accession Number Koha item type
      KAUAET KAUAET 07/04/2012 621.384 MAR/BA 12195 Books
free website counter